00669nam a2200241 a 4500001001300000003000900013005001700022008004100039020000800080082001600088100001900104245001800123260002900141300000900170500003500179505001700214650002200231650003200253902000800285942000700293952011200300999001500412nice12345678IN_TiNIC20260116011402.0050524s0000 dela grp 000 0 urd  ac300a297.63bOME aOmer, Abu Nasr aSayyidul Arab aDelhibMeer and Coc0000 a200p aincludes index and biblioraphy2 aBibliography aMuhammad, Prophet aMuhammad, Prophet-Biography bSRS cBK 001040708StackRoom-aHMIbHMId2007-07-10g3.00l0o297.63 OMEp03566r2007-07-10v3.00w2005-05-24yBK c1066d1066